000 00539nam a2200193Ia 4500
003 GCL
008 140319s9999 xx 000 0 ara d
040 _aGCL /
_cGCL
082 0 4 _a020.5
_bج ع
245 1 0 _aعالم المعلومات والكتب والنشر
250 _aالاول
260 _aالقاهرة :
_bدار الشروق ،
_c1999
300 _a2 مج ؛
_c30 سم
650 0 4 _aالكتب
650 0 4 _aالنشر
650 0 4 _aالمكتبات، علم
650 0 4 _aالمعلومات، علم
942 _2ddc
_cBK
999 _c862
_d862